000 00984nam a22002417a 4500
005 20100820152427.0
010 _aENG-101140-101141
020 _a8120914406
_c350.00
020 _a8120914414
_c350.00
035 _aEN-84673-84674
037 _bDBAD/PUB
082 _a657
100 _aBharat Bhushan
_916883
245 _aI S C Accounts vol I for class XI /
_cby Bharat Bhushan [and] Sinha T K
250 _a2nd ed.
260 _aNew Delhi
_bPitambar Publishing Company
_c2009
270 _a888 East Park Road Karol Bagh
_bNew Delhi
_e110005
300 _a2 v (xvi,1132p,xx,1224)
_c21cm(pbk)
700 _aSinha, T K
_915678
942 _2ddc
_cEN
_h657
_mBHA
999 _c42753
_d42753